[Event "Quezon City op"]
[Site "Quezon City"]
[Date "2014.12.07"]
[Round "2"]
[White "Turqueza, Mari Joseph"]
[Black "Garma, Chito"]
[Result "1/2-1/2"]
[WhiteElo "2249"]
[BlackElo "2322"]
[PlyCount "58"]
[EventDate "2014.12.06"]
[EventType "swiss"]
[EventRounds "10"]
[EventCountry "PHI"]
[SourceTitle "CBM 163 Extra"]
[Source "ChessBase"]
[SourceDate "2014.12.23"]
[SourceVersion "1"]
[SourceVersionDate "2014.12.23"]
[SourceQuality "1"]

1. d4 c5 2. d5 e5 3. e4 d6 4. Nc3 a6 5. a4 f5 6. f4 Nf6 7. Bd3 c4 8. Bxc4 fxe4 9. Nge2 Qa5 10. Qd2 b5 11. Bb3 Bb7 12. 0-0 b4 13. Nd1 Bxd5 14. fxe5 Bxb3 15. exf6 Bf7 16. Qf4 Bg6 17. Qg4 gxf6 18. Rxf6 Be7 19. Rf1 Nd7 20. Nf4 Nf6 21. Qh3 Qf5 22. Qxf5 Bxf5 23. Ne3 Bg6 24. Nfd5 Nxd5 25. Nxd5 Rc8 26. Rf2 Rf8 27. Bf4 Rf5 28. Rd1 Bd8 29. g4 Rf7 1/2-1/2